Statistics for Click - Where is this Island?

Click here to take the quiz!

General Stats

  • This quiz has been taken 165 times
  • The average score is 17 of 25

Answer Stats

HintAnswer% Correct
CreteMediterranean
88%
CorsicaMediterranean
85%
Falkland IslandsAtlantic
83%
Easter IslandPacific
82%
ArubaCaribbean
80%
MajorcaMediterranean
80%
Puerto RicoCaribbean
79%
ZanzibarIndian
78%
Galápagos IslandsPacific
77%
AzoresAtlantic
72%
AnguillaCaribbean
72%
TahitiPacific
72%
GuamPacific
71%
Cook IslandsPacific
69%
Cayman IslandsCaribbean
68%
MadeiraAtlantic
66%
MontserratCaribbean
60%
MayotteIndian
59%
Saint HelenaAtlantic
57%
Nicobar IslandsIndian
55%
BermudaAtlantic
48%
GozoMediterranean
43%
Christmas IslandIndian
38%
Cocos (Keeling) IslandsIndian
35%
FormenteraMediterranean
33%

Score Distribution

Percentile by Number Answered

Percent of People with Each Score

Your Score History

You have not taken this quiz